000
00403nam a2200133Ia 4500
008
151001s9999||||xx |||||||||||||| ||und||
100
_a
सुमती क्षेत्रमाडे
245
_a
बंदिनी
250
_a
1
260
_b
बांदोडकर पब्लिशिंग कंपनी मुंबई
260
_c
1983
300
_a
379
365
_b
18
999
_c
963804
_d
963801